[Event "Mecklenburg VP Verbandsliga 2223"]
[Site "Mecklenburg VP"]
[Date "2022.12.11"]
[Round "4.2"]
[White "Knoop, Sascha"]
[Black "Petrow, Jonas"]
[Result "0-1"]
[WhiteElo "1790"]
[BlackElo "1811"]
[PlyCount "73"]
[EventDate "2022.10.23"]
[EventType "team-tourn"]
[EventRounds "9"]
[EventCountry "GER"]
[SourceTitle "EXT 2024"]
[Source "ChessBase"]
[SourceDate "2023.10.10"]
[SourceVersion "1"]
[SourceVersionDate "2023.10.10"]
[SourceQuality "1"]
[WhiteTeam "Mecklenburger Springer SC"]
[BlackTeam "Makkabi Rostock"]
[WhiteTeamCountry "GER"]
[BlackTeamCountry "GER"]

1. d4 d5 2. c4 c6 3. Nf3 Nf6 4. e3 e6 5. b3 Ne4 6. Bd3 Nd7 7. 0-0 f5 8. Ba3 Bxa3 9. Nxa3 Qf6 10. b4 0-0 11. b5 c5 12. Rc1 b6 13. Bb1 Bb7 14. cxd5 exd5 15. Qb3 c4 16. Qb4 Kh8 17. Nd2 Rac8 18. Nxe4 fxe4 19. Qa4 Ra8 20. f3 Qg5 21. Rce1 Rxf3 22. Rxf3 exf3 23. Qc2 Nf6 24. Qf2 Qxg2+ 25. Qxg2 fxg2 26. Kxg2 Re8 27. Bf5 Bc8 28. Bc2 Bd7 29. Kf3 Rf8 30. Ke2 Ng4 31. Rg1 Rf2+ 32. Ke1 Rf3 33. Kd2 Rf2+ 34. Ke1 Rxh2 35. e4 Ne3 36. Bb1 dxe4 37. Rg5 0-1

[Event "Mecklenburg VP LL2 West 2122"]
[Site "Mecklenburg VP"]
[Date "2022.04.03"]
[Round "8.2"]
[White "Hueneburg, Christian"]
[Black "Petrow, Jonas"]
[Result "0-1"]
[WhiteElo "2162"]
[BlackElo "1811"]
[PlyCount "42"]
[EventDate "2021.10.24"]
[EventType "team-tourn"]
[EventRounds "9"]
[EventCountry "GER"]
[SourceTitle "EXT 2024"]
[Source "ChessBase"]
[SourceDate "2023.10.10"]
[SourceVersion "1"]
[SourceVersionDate "2023.10.10"]
[SourceQuality "1"]
[WhiteTeam "Schwerin SF III"]
[BlackTeam "Rostock Makkabi"]
[WhiteTeamCountry "GER"]
[BlackTeamCountry "GER"]

1. e4 c5 2. Nf3 d6 3. d4 cxd4 4. Nxd4 Nf6 5. Nc3 a6 6. Be2 e5 7. Nb3 Be7 8. Be3 0-0 9. 0-0 Be6 10. f4 exf4 11. Bxf4 Nc6 12. Nd5 Nxe4 13. Nxe7+ Qxe7 14. Bd3 Bxb3 15. axb3 d5 16. Qf3 f5 17. Rae1 Ne5 18. Qd1 Rad8 19. Be2 Qc5+ 20. Kh1 Ng6 21. Bg3 f4 0-1

[Event "GER-chT Christmas U20"]
[Site "Playchess.com INT"]
[Date "2020.12.29"]
[Round "5.1"]
[White "Kolb, Tobias"]
[Black "Petrow, Jonas"]
[Result "1-0"]
[WhiteElo "2285"]
[BlackElo "1811"]
[PlyCount "53"]
[EventDate "2020.12.29"]
[EventType "team-swiss (blitz)"]
[EventRounds "7"]
[EventCountry "GER"]
[SourceTitle "CBM 200 Extra"]
[Source "ChessBase"]
[SourceDate "2021.03.31"]
[SourceVersion "1"]
[SourceVersionDate "2021.03.31"]
[SourceQuality "1"]
[WhiteTeam "Bamberg"]
[BlackTeam "Rostock Makkabi"]
[WhiteTeamCountry "GER"]
[BlackTeamCountry "GER"]

1. e4 c5 2. Nc3 e6 3. g3 g6 4. Bg2 Bg7 5. d3 Nc6 6. Be3 b6 7. Qd2 Nge7 8. Bh6 0-0 9. h4 d5 10. h5 dxe4 11. Bxg7 Kxg7 12. hxg6 fxg6 13. Qh6+ Kf7 14. Qxh7+ Ke8 15. Nxe4 Nd4 16. 0-0-0 Bb7 17. Nh3 Qd7 18. Nf4 Qa4 19. Kb1 Qxc2+ 20. Ka1 Rd8 21. Nxg6 Nxg6 22. Qxg6+ Kd7 23. Rh7+ Kc8 24. Rdh1 Rxf2 25. Nxf2 Bxg2 26. Qf7 Qb1+ 27. Kxb1 1-0

[Event "Mecklenburg VP LL2 West 2021"]
[Site "Mecklenburg VP"]
[Date "2020.10.18"]
[Round "1.2"]
[White "Knoop, Sascha"]
[Black "Petrow, Jonas"]
[Result "0-1"]
[WhiteElo "1830"]
[BlackElo "1811"]
[PlyCount "24"]
[EventDate "2020.10.18"]
[EventType "team-tourn"]
[EventRounds "9"]
[EventCountry "GER"]
[SourceTitle "EXT 2024"]
[Source "ChessBase"]
[SourceDate "2023.10.10"]
[SourceVersion "1"]
[SourceVersionDate "2023.10.10"]
[SourceQuality "1"]
[WhiteTeam "Mecklenburger Springer SC"]
[BlackTeam "Rostock Makkabi"]
[WhiteTeamCountry "GER"]
[BlackTeamCountry "GER"]

1. d4 d5 2. c4 c6 3. Nf3 Nf6 4. e3 e6 5. b3 Nbd7 6. Bb2 Ne4 7. Nbd2 Bd6 8. Bd3 f5 9. 0-0 Qf6 10. Rc1 g5 11. Ne5 Nxd2 12. Nxd7 Bxh2+ 0-1

[Event "Rostock SSC op 16th"]
[Site "Rostock"]
[Date "2017.07.30"]
[Round "7"]
[White "Petrow, Jonas"]
[Black "Seichter, Andreas"]
[Result "1/2-1/2"]
[WhiteElo "1640"]
[BlackElo "1768"]
[PlyCount "40"]
[EventDate "2017.07.26"]
[EventType "swiss"]
[EventRounds "7"]
[EventCountry "GER"]
[SourceTitle "EXT 2018"]
[Source "ChessBase"]
[SourceDate "2017.10.13"]
[SourceVersion "1"]
[SourceVersionDate "2017.10.13"]
[SourceQuality "1"]

1. d4 d5 2. c4 e6 3. Nc3 Nf6 4. Bg5 Be7 5. Nf3 0-0 6. e3 h6 7. Bh4 Nbd7 8. Be2 dxc4 9. Bxc4 b6 10. 0-0 Bb7 11. Be2 Ne4 12. Bxe7 Qxe7 13. Qc2 Ng5 14. Rac1 c5 15. Rfd1 Rac8 16. d5 Nxf3+ 17. Bxf3 Ne5 18. Be2 Rfd8 19. e4 exd5 20. Nxd5 Bxd5 1/2-1/2

[Event "Mecklenburg VP-ch U14"]
[Site "Malchow"]
[Date "2015.02.03"]
[Round "6.1"]
[White "Petrow, Jonas"]
[Black "Schulz, Daniel"]
[Result "0-1"]
[WhiteElo "1262"]
[BlackElo "1397"]
[PlyCount "54"]
[EventDate "2015.01.31"]
[EventType "swiss"]
[EventRounds "7"]
[EventCountry "GER"]
[SourceTitle "EXT 2022"]
[Source "ChessBase"]
[SourceDate "2021.10.06"]
[SourceVersion "1"]
[SourceVersionDate "2021.10.06"]
[SourceQuality "1"]

1. c4 Nf6 2. Nc3 e6 3. g3 d5 4. cxd5 Nxd5 5. Bg2 Nxc3 6. bxc3 Bc5 7. d4 Bb6 8. Ba3 Nd7 9. e4 c5 10. d5 Qf6 11. Qd2 exd5 12. exd5 0-0 13. Ne2 Ne5 14. 0-0 Bh3 15. Nf4 Bxg2 16. Kxg2 Nc4 17. Qc1 Rfe8 18. Nd3 Qf5 19. Rd1 Qxd5+ 20. Kg1 Qf5 21. Bb2 Rad8 22. Nxc5 Qxc5 23. Qc2 Rxd1+ 24. Rxd1 Nxb2 25. Qxb2 h6 26. Rd7 Re1+ 27. Kg2 Qc6+ 0-1

[Event "GER-ch U12"]
[Site "Magdeburg"]
[Date "2014.06.09"]
[Round "4"]
[White "Petrow, Jonas"]
[Black "Wastian, Mareike"]
[Result "1/2-1/2"]
[WhiteElo "1220"]
[BlackElo "1355"]
[PlyCount "76"]
[EventDate "2014.06.08"]
[EventType "swiss"]
[EventRounds "11"]
[EventCountry "GER"]
[SourceTitle "CBM 160 Extra"]
[Source "ChessBase"]
[SourceDate "2014.07.01"]
[SourceVersion "1"]
[SourceVersionDate "2014.07.01"]
[SourceQuality "1"]

1. d4 d5 2. e3 e6 3. Bd3 c5 4. c3 Nf6 5. f4 Nc6 6. Nf3 Be7 7. 0-0 b6 8. Nbd2 Bb7 9. Ne5 Qc8 10. Ndf3 Qc7 11. Ng5 Nd8 12. Bb5+ Kf8 13. Bd3 h6 14. Ngf3 Ke8 15. g4 Nc6 16. Rf2 Bd6 17. Rg2 Ke7 18. g5 Nd7 19. gxh6 gxh6 20. Qe1 Rhg8 21. Qf2 Raf8 22. Kh1 Qc8 23. Bd2 Rxg2 24. Qxg2 Rg8 25. Qf2 Nf6 26. Rg1 Qf8 27. Be1 Rg7 28. Qf1 Ke8 29. Bb5 cxd4 30. Nxc6 dxe3 31. Na5+ Ke7 32. Nxb7 Bxf4 33. Bg3 Bxg3 34. Rxg3 Ne4 35. Rxg7 Qxg7 36. Qg2 Qf6 37. Kg1 Qf5 38. Nd4 Qh5 1/2-1/2

[Event "Mecklenburg VP-ch U12"]
[Site "Malchow"]
[Date "2014.02.02"]
[Round "3"]
[White "Eulitz, Charlotte"]
[Black "Petrow, Jonas"]
[Result "1-0"]
[WhiteElo "1146"]
[BlackElo "1172"]
[PlyCount "79"]
[EventDate "2014.02.01"]
[EventType "swiss"]
[EventRounds "7"]
[EventCountry "GER"]
[SourceTitle "EXT 2017"]
[Source "ChessBase"]
[SourceDate "2016.10.25"]
[SourceVersion "1"]
[SourceVersionDate "2016.10.25"]
[SourceQuality "1"]

1. e4 c5 2. Nf3 d6 3. d4 cxd4 4. Nxd4 Nf6 5. Nc3 a6 6. f3 Bd7 7. Be3 Nc6 8. Qd2 b5 9. Nd5 e6 10. Nxf6+ gxf6 11. Nxc6 Bxc6 12. Bh6 Rg8 13. Bxf8 Rxf8 14. Bd3 Rg8 15. g3 Ke7 16. Qh6 Rh8 17. Qh4 a5 18. f4 Kd7 19. Rf1 Qe7 20. 0-0-0 b4 21. e5 d5 22. Qxf6 Qf8 23. f5 Qe7 24. fxe6+ fxe6 25. Qf7 h5 26. Rf6 Rh7 27. Bxh7 Rh8 28. Bg8 Qxf7 29. Bxf7 Kc7 30. Rxe6 Bd7 31. Re7 Kd8 32. Rxd7+ Kxd7 33. Rxd5+ Ke7 34. e6 Ra8 35. Rxh5 a4 36. h4 Rd8 37. Rf5 Rd4 38. h5 Rg4 39. h6 Rxg3 40. h7 1-0